Loading...
Vrutha Patanam
| Main Author: | |
|---|---|
| Format: | Printed Book |
| Subjects: |
| LEADER | 00478nam a22001337a 4500 | ||
|---|---|---|---|
| 082 | |b NIL/V |a 494.8125 | ||
| 100 | |a Neelamperoor Ramakrishnan Nair |9 315298 | ||
| 245 | |a Vrutha Patanam | ||
| 300 | |a 138p. | ||
| 650 | |a മലയാളം;വൃത്തം |9 315299 | ||
| 650 | |a Prosody |9 315300 | ||
| 942 | |c BK | ||
| 999 | |c 75697 |d 75697 | ||
| 952 | |0 0 |1 0 |4 0 |6 494_812500000000000_NIL_V_M7 |7 0 |8 PROC |9 88976 |a MAL |b MAL |d 2017-03-27 |e 34653 |g 15.00 |l 0 |o 494.8125 NIL/V M7 |p MAL034653 |r 2017-03-27 |t 1 |w 2017-03-27 |y BK | ||